| 000 | 00617nam a2200193Ia 4500 | ||
|---|---|---|---|
| 003 | GCL | ||
| 008 | 140319s9999 xx 000 0 ara d | ||
| 040 |
_aGCL / _cGCL |
||
| 082 | 0 | 4 |
_a155.234 _bع ن |
| 100 | 1 | _aعبدالرحمن عيسوى | |
| 245 | 1 | 0 |
_aالنمو الروحى والخلقى / _cعبدالرحمن عيسوى |
| 260 |
_aبيروت : _bدار النهضة العربية ، _c1992 |
||
| 300 |
_a391 ص ؛ _c24 سم |
||
| 490 | _a | ||
| 650 | 0 | 4 | _aعلم النفس التربوى |
| 650 | 0 | 4 | _aعلم النفس الارتقائى |
| 650 | 0 | 4 | _aالعلم والأخلاق |
| 942 |
_2ddc _cBK |
||
| 999 |
_c38903 _d38903 |
||